000 00865nam a2200253Ia 4500
003 OSt
005 20221005112213.0
006 a|||||r|||| 00| 0
007 ta
008 221004b |||||||| |||| 00| 0 pan d
020 _a9788171436036 (hbk)
_c120
024 _a11964
037 _b820, 13/03/2014, H.K. Prakashan
_cTextual
040 _aCRL
_cCRL
_bpan
041 _2pan
_apan
082 _aO153,2NDH,IS, Q3
100 _aਧਾਲੀਵਾਲ, ਕੇਵਲ
245 0 _aਇਕ ਸੀ ਮੰਟੋ
260 _aਅੰਮ੍ਰਿਤਸਰ
_bਰਵੀ ਸਾਹਿਤ ਪ੍ਰਕਾFਨ ਭਾਰਤ
_c2013
300 _a96ਪੰ
_ccm.
650 _aਪੰਜਾਬੀ ਸਾਹਿਤ
942 _hO153,2NDH,IS, Q3
_cTEXL
_2cc
999 _c1024180
_d1024180